书目信息 |
| 题名: |
北京市新闻媒体履行社会责任报告
|
|
| 作者: | ;北京市新闻工作者协会 编著 | |
| 分册: | 上册 | |
| 出版信息: | 北京 北京日报出版社 2017 |
|
| 页数: | 314页 | |
| 开本: | 24cm | |
| 丛书名: | ||
| 单 册: | ||
| 中图分类: | G219.271 | |
| 科图分类: | ||
| 主题词: | 传播媒介--chuan bo mei jie--社会责任--研究报告--北京市--2016- | |
| 电子资源: | ||
| ISBN: | 978-7-5477-2875-8 | |
| 000 | 01112nam0 2200253 45 | |
| 001 | 012001003100 | |
| 005 | 20191121170137.92 | |
| 010 | @a978-7-5477-2875-8@b2016@dCNY34.00 | |
| 099 | @aCAL 012018066188 | |
| 100 | @a20180505g20179999em y0chiy50 ea | |
| 101 | 0 | @achi |
| 102 | @aCN@b110000 | |
| 105 | @aak z 000yy | |
| 106 | @ar | |
| 200 | 1 | @a北京市新闻媒体履行社会责任报告@Abei jing shi xin wen mei ti lv xing she hui ze ren bao gao@h上册@f北京市新闻工作者协会编著 |
| 210 | @a北京@c北京日报出版社@d2017 | |
| 215 | @a314页@c图@d24cm | |
| 303 | @a据2016年卷著录 | |
| 330 | @a本书对北京市属媒体履行社会责任情况进行梳理、分析和总结, 《报告》既有学界专家的研究成果, 又有业界实践的经验探索, 以及社会受众对媒体履行社会责任问题的反映和讨论。通过《报告》的形式, 促进媒体自觉接受社会各界监督, 引导媒体更好地做好新闻报道工作, 履行好媒体的社会责任。 | |
| 606 | 0 | @a传播媒介@Achuan bo mei jie@x社会责任@x研究报告@y北京市@z2016- |
| 690 | @aG219.271@v5 | |
| 711 | 02 | @a北京市新闻工作者协会@Abei jing shi xin wen gong zuo zhe xie hui@4编著 |
| 801 | @b江苏凤凰@c20191020 | |
| 905 | @b1235147-52@dG219.271@e813:1@f6 | |
| 北京市新闻媒体履行社会责任报告.上册/北京市新闻工作者协会编著.-北京:北京日报出版社,2017 |
| 314页:图;24cm |
| ISBN 978-7-5477-2875-8(2016):CNY34.00 |
| 本书对北京市属媒体履行社会责任情况进行梳理、分析和总结, 《报告》既有学界专家的研究成果, 又有业界实践的经验探索, 以及社会受众对媒体履行社会责任问题的反映和讨论。通过《报告》的形式, 促进媒体自觉接受社会各界监督, 引导媒体更好地做好新闻报道工作, 履行好媒体的社会责任。 |
| ● |
| 相关链接 |
|
|
|
|
正题名:北京市新闻媒体履行社会责任报告
索取号:G219.271/813:1
 
预约/预借
| 序号 | 登录号 | 条形码 | 馆藏地/架位号 | 状态 | 备注 |
| 1 | 1235147 | 212351471 | 第一样本阅览室/ [索取号:G219.271/813:1] | 在馆 | |
| 2 | 1235148 | 212351480 | 第四借阅区/ [索取号:G219.271/813:1] | 在馆 | |
| 3 | 1235149 | 212351499 | 第四借阅区/ [索取号:G219.271/813:1] | 在馆 | |
| 4 | 1235150 | 212351505 | 教育系资料室/ [索取号:G219.271/813:1] | 在馆 | |
| 5 | 1235151 | 212351514 | 教育系资料室/ [索取号:G219.271/813:1] | 在馆 | |
| 6 | 1235152 | 212351523 | 教育系资料室/ [索取号:G219.271/813:1] | 在馆 |